|
|
|
|
| LEADER |
00000cam a2200000 7i4500 |
| 001 |
0000005229 |
| 002 |
000005651 |
| 005 |
20100610.0 |
| 020 |
|
|
|a 983622811X
|
| 090 |
0 |
0 |
|a 302.209595
|b SAM
|
| 100 |
0 |
|
|a Samsudin A. Rahim
|
| 245 |
1 |
0 |
|a Isu-isu komunikasi dalam pembangunan
|c Samsudin A.Rahim
|
| 260 |
|
|
|a Kuala Lumpur :
|b DBP ,
|c 1992
|
| 300 |
|
|
|a 124 p. ;
|c 21 cm.
|
| 650 |
0 |
0 |
|a Communication development
|z Malaysia
|
| 650 |
0 |
0 |
|a Communication in economic development
|z Malaysia
|
| 999 |
|
|
|a 037690
|b BUKU
|c PINJAMAN
|e PERPUSTAKAAN KOMUNITI PETALING JAYA
|
| 999 |
|
|
|a 037691
|b BUKU
|c PINJAMAN
|e PERPUSTAKAAN KOMUNITI PETALING JAYA
|